[Event "Poznan op 24th"]
[Site "Poznan"]
[Date "2016.08.14"]
[Round "8"]
[White "Adamczyk, Wieslaw"]
[Black "Steczek, Malgorzata"]
[Result "0-1"]
[WhiteElo "1520"]
[BlackElo "1768"]
[PlyCount "56"]
[EventDate "2016.08.08"]
[EventType "swiss"]
[EventRounds "9"]
[EventCountry "POL"]
[SourceTitle "EXT 2017"]
[Source "ChessBase"]
[SourceDate "2016.10.25"]
[SourceVersion "1"]
[SourceVersionDate "2016.10.25"]
[SourceQuality "1"]

1. e4 e5 2. Nf3 Nf6 3. Nc3 Bb4 4. Bc4 Nc6 5. d3 d6 6. 0-0 Bg4 7. h3 Bh5 8. Bg5 h6 9. Bxf6 gxf6 10. Nd5 Bc5 11. c3 a5 12. g4 Bg6 13. Nh4 Nb8 14. Ne3 Nd7 15. Nef5 h5 16. Ng7+ Kf8 17. Nxg6+ Kxg7 18. Nxh8 Qxh8 19. Kg2 Rg8 20. f3 Nf8 21. Qb3 Ng6 22. f4 hxg4 23. hxg4 Qh4 24. Be6 Nxf4+ 25. Rxf4 exf4 26. d4 Rh8 27. c4 Qh2+ 28. Kf3 Rh3# 0-1

[Event "Poznan op 24th"]
[Site "Poznan"]
[Date "2016.08.11"]
[Round "4"]
[White "Ros Alonso, Jaume"]
[Black "Steczek, Malgorzata"]
[Result "1-0"]
[WhiteElo "1977"]
[BlackElo "1768"]
[PlyCount "137"]
[EventDate "2016.08.08"]
[EventType "swiss"]
[EventRounds "9"]
[EventCountry "POL"]
[SourceTitle "CBM 173 Extra"]
[Source "ChessBase"]
[SourceDate "2016.08.29"]
[SourceVersion "1"]
[SourceVersionDate "2016.08.29"]
[SourceQuality "1"]

1. e4 e5 2. Nf3 Nf6 3. d4 Nxe4 4. Bd3 d5 5. Nxe5 Be7 6. 0-0 0-0 7. Re1 Nf6 8. Nd2 c5 9. c3 Nc6 10. Ndf3 cxd4 11. cxd4 Bb4 12. Bd2 Bxd2 13. Qxd2 Qb6 14. Rac1 Be6 15. Nxc6 bxc6 16. Rc3 Rac8 17. Rec1 Ne4 18. Bxe4 dxe4 19. Ne5 Qa5 20. Qc2 Qxa2 21. Nxc6 Rc7 22. Qxe4 Rd7 23. b4 g6 24. Ne5 Rd5 25. Rc7 Qd2 26. Nd3 Rfd8 27. Qe3 Qa2 28. R7c2 Qa3 29. Rc3 Qa2 30. R3c2 Qa3 31. Rc6 Bf5 32. R6c3 Qa4 33. Rc4 Qa3 34. Nf4 Qxe3 35. fxe3 Rb5 36. Ra1 Rd7 37. Ra5 Rb6 38. h3 Kg7 39. g4 Be4 40. d5 Bf3 41. Kf2 Bd1 42. Rc1 Bb3 43. b5 Kf6 44. Rc6+ Ke5 45. Rxa7 Rxa7 46. Rxb6 Bxd5 47. Nxd5 Kxd5 48. Kg3 Ke5 49. Rb8 Ra3 50. g5 Kf5 51. h4 Rb3 52. Rb6 Ke5 53. Rf6 Rxb5 54. Rxf7 Rb6 55. Rxh7 Re6 56. Rf7 Re8 57. Rf6 Rg8 58. Kg4 Rg7 59. h5 gxh5+ 60. Kxh5 Rg8 61. Kh6 Rb8 62. Ra6 Kf5 63. Rf6+ Ke5 64. Ra6 Kf5 65. e4+ Kxe4 66. g6 Rb1 67. g7 Rh1+ 68. Kg6 Ke5 69. g8Q 1-0